Hard facts, dangerous half-truths, and total nonsense (Record no. 114351)
[ view plain ]
| 000 -LEADER | |
|---|---|
| fixed length control field | 01139cam a22002295a 4500 |
| 001 - CONTROL NUMBER | |
| control field | L156659 |
| 008 - FIXED-LENGTH DATA ELEMENTS--GENERAL INFORMATION | |
| fixed length control field | 120618s2006 xxk f 000 0 eng d |
| 020 ## - INTERNATIONAL STANDARD BOOK NUMBER | |
| International Standard Book Number | 9781591398622 |
| 035 ## - SYSTEM CONTROL NUMBER | |
| System control number | (Sirsi) u156659 |
| 041 0# - LANGUAGE CODE | |
| Language code of text/sound track or separate title | eng |
| 050 04 - LIBRARY OF CONGRESS CALL NUMBER | |
| Classification number | 658.4 $2 18 |
| 100 1# - MAIN ENTRY--PERSONAL NAME | |
| Personal name | Pfeffer, Jeffrey |
| 245 00 - TITLE STATEMENT | |
| Title | Hard facts, dangerous half-truths, and total nonsense |
| Remainder of title | profiting from evidence-based management |
| 260 ## - PUBLICATION, DISTRIBUTION, ETC. | |
| Place of publication, distribution, etc. | Boston |
| Name of publisher, distributor, etc. | Harvard Business School Press |
| Date of publication, distribution, etc. | 2006. |
| 300 ## - PHYSICAL DESCRIPTION | |
| Extent | x, 276 p. |
| Other physical details | ill. |
| Dimensions | 25 cm. |
| 505 2# - FORMATTED CONTENTS NOTE | |
| Formatted contents note | Why every company needs evidence-based management -- How to practice evidence-based management -- Is work fundamentally different from the rest of life and should it be? -- Do the best organizations have the best people? -- Do financial incentives drive company performers? -- Strategy is destiny? -- Change or die? -- Are great leaders in control of their companies? -- Profiting from evidence-based management. |
| 520 ## - SUMMARY, ETC. | |
| Summary, etc. | This book is about evidence based management and its applications in business. |
| 651 #4 - SUBJECT ADDED ENTRY--GEOGRAPHIC NAME | |
| Geographic name | ENGLAND AND WALES |
| 690 ## - LOCAL SUBJECT ADDED ENTRY--TOPICAL TERM (OCLC, RLIN) | |
| Topical term or geographic name as entry element | Business and management |
| 700 1# - ADDED ENTRY--PERSONAL NAME | |
| Personal name | Sutton, Robert I. |
| 942 ## - ADDED ENTRY ELEMENTS (KOHA) | |
| Suppress in OPAC | 0 |
| Withdrawn status | Lost status | Source of classification or shelving scheme | Damaged status | Not for loan | Home library | Current library | Shelving location | Date acquired | Total Checkouts | Full call number | Barcode | Date last seen | Copy number | Price effective from | Koha item type |
|---|---|---|---|---|---|---|---|---|---|---|---|---|---|---|---|
| Dewey Decimal Classification | London | London | Staff library | 18/06/2012 | STAFF PFEFER | 30077484 | 06/08/2019 | 1 | 06/08/2019 | Book |